000 00299nam a22001337a 4500
008 170726b xxu||||| |||| 00| 0 eng d
020 _a0262521482
041 _aeng
080 _a004
100 _a30
101 _aSHK
245 _aGREAT IDEAS IN COMPUTER SCIENCE
_cBIERMAN,A.W
942 _2udc
_cBK
999 _c21923
_d21923